000 00502nam a2200193Ia 4500
003 0100
008 130303s9999 xx 000 0 und d
040 _cARRUPELIB
050 _aPL8010.O72 1997
100 _aJohnson, John William (ed)
245 _aOral Epics from Africa
245 _bVibrant Voices from a vast continent--
260 _aBloomington, Indiana
260 _bIndiana UP
260 _C1997
300 _a331p
700 _aHale, Thomas A. (ed)Belcher, Stephen (ed)
942 0 0 _01
999 _c17829
_d17829